[Event "Copenhagen Chess Challenge 2018"]
[Site "Ballerup"]
[Date "2018.04.29"]
[Round "9"]
[White "Laustsen, Lars"]
[Black "Andersen, Lars Ren"]
[Result "1-0"]
[WhiteElo "2205"]
[BlackElo "2116"]
[EventDate "2018.04.25"]
[EventRounds "9"]
[EventCountry "Danmark"]
[WhiteFideId "1407554"]
[BlackFideId "1404792"]

1. d4 d5 2. c4 c6 3. Nf3 Nf6 4. e3 a6 5. Nbd2 Bf5 6. Nh4 Bg4 7. Qc2 e6 8. h3 Bh5 9. g4 Bg6 10. Nxg6 hxg6 11. Bg2 Nbd7 12. O-O Be7 13. e4 Nxe4 14. Nxe4 dxe4 15. Qxe4 O-O 16. Be3 Re8 17. Qc2 Qc7 18. Rac1 Bd6 19. d5 exd5 20. cxd5 c5 21. b4 Rac8 22. bxc5 Nxc5 23. Rfd1 Red8 24. Qc3 Qe7 25. Bd4 Qf8 26. Qa5 Nd7 27. Rb1 Rc7 28. Qd2 Rdc8 29. Rdc1 Qe7 30. Rxc7 Rxc7 31. Rb3 Qd8 32. Rb1 Qc8 33. Qb2 Ne5 34. Bxe5 Rc2 35. Qa1 Qc5 36. Bd4 Qc4 37. Be3 Rxa2 38. Qd4 Qe2 39. Qd1 Qc4 40. Rxb7 Be5 41. Rb1 Bd6 42. Qb3  1-0

[Event "Copenhagen Chess Challenge 2018"]
[Site "Ballerup"]
[Date "2018.04.29"]
[Round "9"]
[White "Rishovd, Svein"]
[Black "Brondt, Nicolai Kvist"]
[Result "1/2-1/2"]
[WhiteElo "2110"]
[BlackElo "2179"]
[EventDate "2018.04.25"]
[EventRounds "9"]
[EventCountry "Danmark"]
[WhiteFideId "1513060"]
[BlackFideId "1413848"]

1. d4 d5 2. c4 c6 3. Nf3 Nf6 4. g3 dxc4 5. Bg2 b5 6. Ne5 Bb7 7. Nc3 a6 8. O-O e6 9. b3 cxb3 10. axb3 Be7 11. Bb2 O-O 12. Qd3 Qb6 13. Rfc1 Nbd7 14. Ne4 Nxe5 15. dxe5 Nxe4 16. Bxe4 g6 17. Bd4 c5 18. Bxb7 Qxb7 19. Bxc5 Rfd8 20. Qe3 Rd5 21. Bxe7 Qxe7 22. f4 Qb4 23. Kf2 a5 24. Qc3 Qxc3 25. Rxc3 a4 26. bxa4 bxa4 27. Raa3 Rd4 28. Ke3 Rb4 29. Rd3 g5 30. Rd4 Rxd4 31. Kxd4 h6 32. Ke4 Kg7 33. e3 Kg6 34. Kf3 Kf5 35. g4+ Kg6 36. h3 h5 37. Kg3 h4+ 38. Kf3 Ra5 39. Ke4 Ra8  1/2-1/2

[Event "Copenhagen Chess Challenge 2018"]
[Site "Ballerup"]
[Date "2018.04.29"]
[Round "9"]
[White "Shamima, Akter"]
[Black "Adinolfi, Vincenzo"]
[Result "1-0"]
[WhiteElo "2176"]
[BlackElo "2053"]
[EventDate "2018.04.25"]
[EventRounds "9"]
[EventCountry "Danmark"]
[WhiteFideId "10202587"]
[BlackFideId "805556"]

1. d4 Nf6 2. c4 e6 3. Nc3 Bb4 4. Qc2 c5 5. e3 b6 6. dxc5 bxc5 7. a3 Ba5 8. Bd2 O-O 9. Nf3 Bb7 10. Bd3 d5 11. O-O d4 12. Ne4 Bxd2 13. Nxf6+ Qxf6 14. Nxd2 dxe3 15. Bxh7+ Kh8 16. fxe3 Qg5 17. Be4 Qxe3+ 18. Kh1 Nc6 19. Rf3 Nd4 20. Rxe3 Nxc2 21. Rh3+  1-0

[Event "Copenhagen Chess Challenge 2018"]
[Site "Ballerup"]
[Date "2018.04.29"]
[Round "9"]
[White "Jorgensen, Dennis"]
[Black "Petersen, Flemming Petri"]
[Result "1/2-1/2"]
[WhiteElo "2164"]
[BlackElo "2078"]
[EventDate "2018.04.25"]
[EventRounds "9"]
[EventCountry "Danmark"]
[WhiteFideId "1408380"]
[BlackFideId "1402617"]

1. Nf3 Nf6 2. d4 d6 3. g3 g6 4. Bg2 Bg7 5. O-O O-O 6. c4 a6 7. Nc3 Nc6 8. h3 Rb8 9. Qd3 e5 10. d5 Ne7 11. e4 Bd7 12. b4 Ne8 13. Bd2 h6 14. a4 f5 15. c5 Nf6 16. Rfe1 fxe4 17. Nxe4 Nxe4 18. Qxe4 Bf5 19. Qc4 g5 20. Bc3 Bg6 21. Nd2 Bf7 22. Rad1 b5 23. Qd3 dxc5 24. axb5 cxb4 25. Bxe5 Bxe5 26. Rxe5 Rxb5 27. Nf1 Qd6 28. f4 b3 29. Ne3 Ng6 30. Re6 Qd7 31. Ng4 Bxe6 32. Qxg6+ Qg7 33. Qxe6+ Kh8 34. d6 cxd6 35. Qxd6 gxf4 36. gxf4 b2 37. Rb1 Rc8 38. Kh2 h5 39. Qxa6 Rbc5 40. Ne5 Rc2 41. Ng6+ Kh7 42. Nh4 Qf7 43. Qd3+ Kh8 44. Nf5 R8c4 45. Qd8+ Kh7 46. Qg5 Rc5 47. Qh6+ Kg8 48. Qg5+ Kh7 49. Qh6+ Kg8 50. Qg5+ Kh7 51. Qh6+  1/2-1/2

[Event "Copenhagen Chess Challenge 2018"]
[Site "Ballerup"]
[Date "2018.04.29"]
[Round "9"]
[White "Dalsberg, Sandra de Blecourt"]
[Black "Pajeken, Jakob Leon"]
[Result "0-1"]
[WhiteElo "2075"]
[BlackElo "2152"]
[EventDate "2018.04.25"]
[EventRounds "9"]
[EventCountry "Danmark"]
[WhiteFideId "1004948"]
[BlackFideId "12942839"]

1. d4 d5 2. c4 dxc4 3. e4 Nc6 4. d5 Ne5 5. Nf3 Bg4 6. Bf4 Ng6 7. Be3 Nf6 8. Nc3 e5 9. Bxc4 Nh4 10. Rg1 a6 11. Bg5 Ng6 12. Qb3 b5 13. Be2 h6 14. Bxf6 Qxf6 15. a4 b4 16. Nd1 Bd6 17. Ne3 Bd7 18. g3 O-O 19. h4 Rfc8 20. O-O-O Ne7 21. Kb1 g6 22. Rd2 Qg7 23. g4 Re8 24. Nf5 Nxf5 25. gxf5 Kh7 26. Rdd1 Qf6 27. Ng5+ Kg7 28. Ne6+ Kh8 29. Qe3 gxf5 30. exf5 Rg8 31. Bd3 fxe6 32. fxe6 Bxa4 33. Qe4 Rg7 34. Rde1 Bb5 35. Bc2 Rag8 36. h5 b3  0-1

[Event "Copenhagen Chess Challenge 2018"]
[Site "Ballerup"]
[Date "2018.04.29"]
[Round "9"]
[White "Stray, Gunnar"]
[Black "Sorensen, Per Settergren"]
[Result "0-1"]
[WhiteElo "2042"]
[BlackElo "2034"]
[EventDate "2018.04.25"]
[EventRounds "9"]
[EventCountry "Danmark"]
[WhiteFideId "1501631"]
[BlackFideId "1413872"]

1. d4 Nf6 2. Nf3 g6 3. g3 Bg7 4. Bg2 O-O 5. O-O d6 6. Nbd2 Nbd7 7. e4 e5 8. c3 c6 9. Re1 b5 10. a4 Bb7 11. Nb3 Qc7 12. Qc2 a6 13. Bg5 h6 14. Bd2 c5 15. dxe5 dxe5 16. c4 b4 17. Nh4 Nh5 18. Bf3 Nhf6 19. Ng2 Rac8 20. Ne3 Ne8 21. Nd5 Bxd5 22. exd5 Nd6 23. Be3 f5 24. Bg2 f4 25. Bc1 f3 26. Bh3 e4 27. Nd2 Nf6 28. Nf1 g5 29. Ne3 Rce8 30. Rb1 Kh8 31. b3 g4 32. Bf1 h5 33. h4 gxh3 34. Bxh3 Re5 35. Kh2 Bh6 36. Bb2 Rg5 37. Rh1 Kg8 38. Be6+ Kh7 39. Kg1 Qg7 40. Bc1 h4 41. Nf1 hxg3 42. Nxg3 Rxg3+ 43. fxg3 Qxg3+ 44. Kf1 Ng4 45. Bxg4 Qxg4 46. Bxh6 Rf5 47. Be3+ Rh5 48. Rxh5+ Qxh5 49. Qf2 Nf5 50. Re1 Qh1+ 51. Qg1 Qh3+ 52. Kf2 Qh4+ 53. Kf1 Ng3+ 54. Kf2 Ne2+ 55. Kf1 Qh3+ 56. Kf2 Nxg1 57. Rxg1 Qh2+ 58. Kf1 Qe2#  0-1

[Event "Copenhagen Chess Challenge 2018"]
[Site "Ballerup"]
[Date "2018.04.29"]
[Round "9"]
[White "Pakmor, Claus"]
[Black "Vangsgaard, Freja"]
[Result "1/2-1/2"]
[WhiteElo "2010"]
[BlackElo "1970"]
[EventDate "2018.04.25"]
[EventRounds "9"]
[EventCountry "Danmark"]
[WhiteFideId "1431609"]
[BlackFideId "1436589"]

1. e4 c6 2. d4 d5 3. Nc3 dxe4 4. Nxe4 Bf5 5. Ng3 Bg6 6. Nf3 Nd7 7. h4 h6 8. h5 Bh7 9. Bd3 Bxd3 10. Qxd3 e6 11. Bd2 Ngf6 12. O-O-O Be7 13. Ne4 Nxe4 14. Qxe4 Nf6 15. Qe2 Qd5 16. c4 Qe4 17. Qxe4 Nxe4 18. Be3 f5 19. g3 O-O 20. Rhg1 Rad8 21. Ne5 Bg5 22. f4 Bf6 23. Ng6 Rf7 24. g4 fxg4 25. Rxg4 c5 26. Ne5 Bxe5 27. fxe5 Nf2 28. Bxf2 Rxf2 29. Rdg1 g5 30. hxg6 Rxd4 31. Rxd4 cxd4 32. Rd1 Rf4 33. Kc2 Kg7 34. b4 h5 35. Kd3 h4 36. c5 Kxg6 37. b5 Kf7 38. c6 bxc6 39. bxc6 Ke7 40. Rg1 Kd8 41. Rg7 h3 42. Rh7 a6 43. a3 h2 44. Rxh2 Kc7 45. Rh6 Kxc6 46. Rxe6+ Kd5 47. Rxa6 Rf3+ 48. Ke2 Re3+ 49. Kd2 Kxe5 50. Ra8 Kd5 51. a4 Ra3 52. a5 Kc5 53. a6 Kb6 54. Rd8 Ra4 55. Kd3 Kxa6 56. Ra8+ Kb5 57. Rxa4 Kxa4 58. Kxd4  1/2-1/2

[Event "Copenhagen Chess Challenge 2018"]
[Site "Ballerup"]
[Date "2018.04.29"]
[Round "9"]
[White "Andersen, Kim Nyvang"]
[Black "Thybo, Thomas Sondergaard"]
[Result "0-1"]
[WhiteElo "1962"]
[BlackElo "2004"]
[EventDate "2018.04.25"]
[EventRounds "9"]
[EventCountry "Danmark"]
[WhiteFideId "1415743"]
[BlackFideId "1441299"]

1. d4 d5 2. c4 e6 3. Nc3 c6 4. Nf3 Nf6 5. e3 Nbd7 6. Qc2 Bd6 7. b3 O-O 8. Bd3 e5 9. cxd5 cxd5 10. dxe5 Nxe5 11. Nxe5 Bxe5 12. O-O Qc7 13. Bb2 Bxh2+ 14. Kh1 Qe5 15. Nxd5 Qh5 16. Nxf6+ gxf6 17. Bxh7+ Kg7 18. g4 Qh3 19. f3 Be5+ 20. Kg1 Qg3+ 21. Kh1 Rh8 22. Bxe5 fxe5  0-1

[Event "Copenhagen Chess Challenge 2018"]
[Site "Ballerup"]
[Date "2018.04.29"]
[Round "9"]
[White "Liu, Casper Yukun"]
[Black "Stampe, Roger"]
[Result "1/2-1/2"]
[WhiteElo "1898"]
[BlackElo "1992"]
[EventDate "2018.04.25"]
[EventRounds "9"]
[EventCountry "Danmark"]
[WhiteFideId "1454153"]
[BlackFideId "1512102"]

1. d4 f5 2. Nc3 Nf6 3. Bf4 g6 4. e3 Bg7 5. Bc4 e6 6. Nf3 d6 7. O-O Qe7 8. Re1 d5 9. Bd3 c6 10. Ne5 Nbd7 11. Ne2 Nxe5 12. Bxe5 Ng4 13. Bxg7 Qxg7 14. h3 Nf6 15. Ng3 O-O 16. c4 Ne4 17. Ne2 Qh6 18. b4 Qh4 19. Bxe4 fxe4 20. Ng3 Bd7 21. a4 Rf7 22. Re2 Raf8 23. Qb3 g5 24. Rb2 Rf6 25. Qd1 Be8 26. Qg4 Qh6 27. b5 Qg6 28. h4 gxh4 29. Qxg6+ hxg6 30. Nf1 g5 31. c5 g4 32. g3 Rh6 33. Kg2 h3+ 34. Kg1 Rg6 35. Nd2 Rh6 36. Nf1 Kg7 37. Nh2 Rg6 38. Nf1 Kf6 39. Nd2 Kg5 40. Nb1 Rgf6 41. Nc3 Kf5  1/2-1/2

[Event "Copenhagen Chess Challenge 2018"]
[Site "Ballerup"]
[Date "2018.04.29"]
[Round "9"]
[White "Hansen, Rune"]
[Black "Sorensen, Bernhard W"]
[Result "1-0"]
[WhiteElo "1967"]
[BlackElo "1762"]
[EventDate "2018.04.25"]
[EventRounds "9"]
[EventCountry "Danmark"]
[WhiteFideId "1500970"]
[BlackFideId "1442074"]

1. b3 d5 2. Nf3 Bf5 3. d3 e6 4. Bb2 Nf6 5. g3 Be7 6. Bg2 h6 7. O-O Nbd7 8. Nbd2 O-O 9. c4 c6 10. a3 a5 11. Rc1 Re8 12. Re1 Qb6 13. e4 Bh7 14. e5 Nh5 15. d4 Rac8 16. c5 Qc7 17. h3 g6 18. Nh2 Ng7 19. f4 Nf5 20. Ndf1 b6 21. b4 axb4 22. axb4 bxc5 23. bxc5 Rb8 24. Bc3 Rb7 25. Qc2 Reb8 26. Rb1 Rb5 27. Rxb5 Rxb5 28. Bf3 g5 29. Qa2 Qb7 30. Re2 Rb1 31. Rb2 Rxb2 32. Qxb2 Qxb2 33. Bxb2 gxf4 34. gxf4 Nh4 35. Be2 Kf8 36. Kf2 Be4 37. Ng4 Nf5 38. Ke1 Bg2 39. Nf2 Bh4 40. Bg4 Ng3 41. Nxg3 Bxg3 42. Bc1 Be4 43. Ke2 Bg6 44. f5 exf5 45. Bxh6+ Ke8 46. Bf3 Nf8 47. Bxf8 Kxf8 48. Nd3 Ke7 49. Nb4 Kd7 50. Nc2 f4 51. Bg4+ Kc7 52. Ne1 Be4 53. Bh5 Bf5 54. Bg4 Bg6 55. Nf3 Kd8 56. h4 Ke7 57. h5 Be4 58. h6 Bg6 59. Ng5 f5 60. Bxf5 Bxf5 61. h7 Bxh7 62. Nxh7 Ke6 63. Ng5+ Ke7 64. Kf3 Bh2 65. Nh3 Bg3 66. Nxf4 Be1 67. Kg4 Bc3 68. Ne2 Bb2 69. Kf5 Ba1 70. e6 Bb2 71. Ke5 Ba1 72. Nf4 Bb2 73. Ng6+ Ke8 74. Kd6 Bxd4 75. Kxc6 Bf6 76. Kxd5 Bd8 77. Kc6 Bc7 78. e7 Ba5 79. Kb7 Bb4 80. c6 Bd6 81. c7  1-0

[Event "Copenhagen Chess Challenge 2018"]
[Site "Ballerup"]
[Date "2018.04.29"]
[Round "9"]
[White "Bronnum, Jan"]
[Black "Jorgensen, Olav Erstad"]
[Result "1-0"]
[WhiteElo "2088"]
[BlackElo "1636"]
[EventDate "2018.04.25"]
[EventRounds "9"]
[EventCountry "Danmark"]
[WhiteFideId "1400908"]
[BlackFideId "1457063"]

1. d4 d5 2. Bf4 Nf6 3. e3 c5 4. c3 Nc6 5. Nd2 cxd4 6. exd4 Bf5 7. Ngf3 e6 8. Bb5 Bd6 9. Ne5 Rc8 10. Ndf3 Ne4 11. Nxc6 bxc6 12. Bxd6 Qxd6 13. Bd3 O-O 14. O-O Bg4 15. Be2 c5 16. dxc5 Qxc5 17. Ne5 Bxe2 18. Qxe2 Qc7 19. Nd3 Rb8 20. Rac1 Nd6 21. f4 Rfe8 22. Kh1 Rb6 23. Rf3 Reb8 24. Rh3 Qc4 25. b3 Qe4 26. Re3 Qg6 27. Ne5 Qf5 28. Nd7 Qxf4 29. Rf1 Qg5 30. Rg3 Qh6 31. Nf6+ Kf8 32. Nd7+ Ke7 33. Nxb8 Rxb8 34. Qe5 f6 35. Qd4 Rb7 36. Qd3 Ne4 37. Re3 Rc7 38. c4 Nc5 39. Qe2 dxc4 40. bxc4 Kf7 41. Rd1 Qg6 42. h3 Rc6 43. Qf3 Rc7 44. Re2 Qg5 45. Rb2 Qg6 46. Rb5 Qc2 47. Qh5+ Ke7 48. Rxc5  1-0

[Event "Copenhagen Chess Challenge 2018"]
[Site "Ballerup"]
[Date "2018.04.29"]
[Round "9"]
[White "Nielsen, Thomas"]
[Black "Vangsgaard, Bjarke"]
[Result "0-1"]
[WhiteElo "1585"]
[BlackElo "1940"]
[EventDate "2018.04.25"]
[EventRounds "9"]
[EventCountry "Danmark"]
[WhiteFideId "1431676"]
[BlackFideId "1436570"]

1. a3 Nf6 2. b4 d5 3. Bb2 g6 4. g3 Bg7 5. Bg2 O-O 6. Nf3 b6 7. d4 Bb7 8. O-O Nbd7 9. Nbd2 c5 10. c4 dxc4 11. Nxc4 cxd4 12. Bxd4 Rc8 13. Rc1 Ba6 14. Qb3 Qc7 15. Nfe5 Nxe5 16. Bxe5 Bxc4 17. Qc3 Qd7 18. Qb2 Bd5 19. Rxc8 Rxc8 20. Rd1 Qa4 21. Rd2 Bxg2 22. Kxg2 Qc6+ 23. f3 Ne8 24. Bxg7 Nxg7 25. Qe5 Ne6 26. Kf2 Qc3 27. Qd5 Qxa3 28. Qb7 Rc7 29. Qb8+ Kg7 30. Rd3 Qxb4 31. Rd8 Qc5+  0-1

[Event "Copenhagen Chess Challenge 2018"]
[Site "Ballerup"]
[Date "2018.04.29"]
[Round "9"]
[White "Harstad, Christian"]
[Black "Larsen, Preben R."]
[Result "1-0"]
[WhiteElo "2000"]
[BlackElo "1796"]
[EventDate "2018.04.25"]
[EventRounds "9"]
[EventCountry "Danmark"]
[WhiteFideId "1504045"]
[BlackFideId "1425790"]

1. d4 Nf6 2. c4 e6 3. Nc3 Bb4 4. Qc2 c5 5. dxc5 Bxc3+ 6. Qxc3 Ne4 7. Qa3 Na6 8. Be3 Qe7 9. b4 b6 10. f3 Qh4+ 11. g3 Nxg3 12. hxg3 Qxh1 13. cxb6 axb6 14. b5 Qh2 15. Bf2 Qh5 16. bxa6 Qe5 17. Rb1 Rxa6 18. Qb4 Rxa2 19. f4 Qe4 20. Bxb6 Ra4 21. Bg2 Rxb4 22. Bxe4 Rxc4 23. Bd3 Rc6 24. Be4 d5 25. Bd3 Ke7 26. Nf3 f6 27. Nd4 Rc3 28. Ba5 Rxd3 29. exd3 Ba6 30. Kd2 e5 31. Nf5+ Kf7 32. Rc1 Ra8 33. Rc7+ Ke8 34. Nxg7+ Kf8 35. Bb4+ Kg8 36. Nh5  1-0

[Event "Copenhagen Chess Challenge 2018"]
[Site "Ballerup"]
[Date "2018.04.29"]
[Round "9"]
[White "Vangsgaard, Claus"]
[Black "Steenstrup, Svend"]
[Result "0-1"]
[WhiteElo "1938"]
[BlackElo "1976"]
[EventDate "2018.04.25"]
[EventRounds "9"]
[EventCountry "Danmark"]
[WhiteFideId "1417320"]
[BlackFideId "1409182"]

1. e4 d5 2. exd5 Qxd5 3. Nc3 Qd6 4. d4 Nf6 5. Bc4 a6 6. Qe2 Nc6 7. Be3 Bg4 8. f3 Bf5 9. O-O-O Nb4 10. Bb3 Nfd5 11. Nxd5 Nxd5 12. Bf2 g6 13. Bg3 Bh6+ 14. Kb1 Qc6 15. Bxd5 Qxd5 16. b3 Bg7 17. Bf2 O-O-O 18. Kc1 e5 19. c4 Qa5 20. Qb2 Bh6+ 21. Rd2 Bxd2+ 22. Qxd2 Qxd2+ 23. Kxd2 exd4 24. g4 Be6 25. Bh4 Rd7 26. Bf6 Re8 27. Ne2 c5 28. Nf4 b5 29. Rc1 bxc4 30. bxc4 Kc7 31. Nd3 Kd6 32. Be5+ Kc6 33. Bf6 Rb7 34. Ne5+ Kb6 35. Rc2 Rc8 36. Rb2+ Ka7 37. Rc2 Rb4 38. Kd3 Kb6 39. Rf2 Rb1 40. Kc2 Re1 41. Nd3 Ra1 42. Kb2 Rxa2+ 43. Kxa2 Bxc4+ 44. Kb2 Bxd3 45. Rd2 Bb5 46. Rc2 Re8 47. f4 Re2 48. Be7 Kc6 49. Kc1 Rxc2+ 50. Kxc2 Kd5 51. g5 a5 52. Bd8 a4 53. Ba5 Kc4 54. Bc7 Bc6 55. Ba5 a3 56. Bd2 Be4+ 57. Kc1 Kb3  0-1

[Event "Copenhagen Chess Challenge 2018"]
[Site "Ballerup"]
[Date "2018.04.29"]
[Round "9"]
[White "Saravana, Vedant Kumar"]
[Black "Andersen, Daniel"]
[Result "1-0"]
[WhiteElo "1447"]
[BlackElo "1810"]
[EventDate "2018.04.25"]
[EventRounds "9"]
[EventCountry "Danmark"]
[WhiteFideId "45059730"]
[BlackFideId "1402714"]

1. e4 c5 2. Nf3 d6 3. d4 cxd4 4. Nxd4 Nf6 5. Nc3 g6 6. Be3 a6 7. Be2 b5 8. a3 Bb7 9. Bd3 Nbd7 10. O-O Bg7 11. Qd2 O-O 12. Rfe1 Rc8 13. Rac1 Ne5 14. h3 Nc4 15. Bxc4 Rxc4 16. f3 Qc7 17. Rcd1 Rc8 18. Bh6 Nd7 19. Bxg7 Kxg7 20. Qg5 Nf6 21. Nf5+ Kh8 22. Nxd6 Rc5 23. Qh4 Rh5 24. Qf4 Kg7 25. e5 Qc5+ 26. Kh1 exd6 27. Qxf6+ Kg8 28. Qxd6 Qc4 29. e6  1-0

[Event "Copenhagen Chess Challenge 2018"]
[Site "Ballerup"]
[Date "2018.04.29"]
[Round "9"]
[White "Hentley, Darryl"]
[Black "Sundin, Sven-Ingvar"]
[Result "1-0"]
[WhiteElo "1544"]
[BlackElo "1663"]
[EventDate "2018.04.25"]
[EventRounds "9"]
[EventCountry "Danmark"]
[WhiteFideId "16205650"]
[BlackFideId "1724517"]

1. d4 d5 2. Nf3 Nf6 3. Bf4 e6 4. e3 Bd6 5. Ne5 c5 6. Nd2 O-O 7. g4 Bxe5 8. Bxe5 Nfd7 9. Bg3 cxd4 10. exd4 Nc6 11. c3 Re8 12. f4 a6 13. Bd3 Nf8 14. Nf3 f6 15. Qc2 e5 16. fxe5 Bxg4 17. O-O Bxf3 18. Rxf3 fxe5 19. Rxf8+ Rxf8 20. Bxh7+ Kh8 21. dxe5 Qg5 22. e6 Qe3+ 23. Kg2 Qxe6 24. Re1 Qf6 25. Bd3 Rae8 26. Rf1 Qg5 27. Bf5 Ne7 28. h4 Qh5 29. Bd3 Rxf1 30. Kxf1 Rf8+ 31. Ke1 Nf5 32. Qf2 Re8+ 33. Kd2 Nxg3 34. Qxg3 Qe5 35. Qg6 Kg8 36. h5 Kf8 37. Kc2 Re6 38. Qg4 Qh2+ 39. Kd1 Qe5 40. Qf3+ Ke7 41. Qg4 Qe1+ 42. Kc2 Qf2+ 43. Kb3 Rb6+ 44. Ka4 Qf6 45. Ka3 a5 46. b3 Qxc3 47. Qh4+ Kd7 48. Bf5+ Kc7 49. Qf4+ Rd6 50. Qg5 Qf6 51. Qf4 Kb6 52. Qg4 d4 53. Bd3 Rc6 54. Bc4 Kc5 55. Qd7 b5 56. Qd5+ Kb6 57. Qxb5+ Kc7 58. Qxa5+ Kb8 59. Qb5+ Rb6 60. Qe8+ Kc7 61. Qe2 Re6 62. Bxe6 Qe7+ 63. b4 Kd6 64. Bg4 Qa7+ 65. Kb3 Qf7+ 66. Kb2 Qf6 67. Qa6+ Ke5 68. Qxf6+ Kxf6 69. Be2  1-0